书目信息 |
| 题名: |
转轨时期中国货币政策的区域差异研究
|
|
| 作者: | 丁文丽 著 | |
| 分册: | ||
| 出版信息: | 北京 中国社会科学出版社 2005 |
|
| 页数: | 243页 | |
| 开本: | 21cm | |
| 丛书名: | ||
| 单 册: | ||
| 中图分类: | F822.0 | |
| 科图分类: | ||
| 主题词: | 货币政策--研究--中国 | |
| 电子资源: | ||
| ISBN: | 7-5004-5167-9 | |
| 000 | 01198nam0 2200301 450 | |
| 000 | 01161nam0 2200289 450 | |
| 000 | 01160nam0 2200301 450 | |
| 000 | 01106nam0 2200277 450 | |
| 000 | 01124nam0 2200265 450 | |
| 000 | 01087nam0 2200253 45 | |
| 001 | TS2006042255 | |
| 005 | 20061216171537.42 | |
| 010 | @a7-5004-5167-9@dCNY19.00 | |
| 100 | @a20060829d2005 em y0chiy0110 ea | |
| 101 | 0 | @achi@deng |
| 102 | @aCN@b110000 | |
| 105 | @ay z 000yy | |
| 200 | 1 | @a转轨时期中国货币政策的区域差异研究@Azhuan gui shi qi zhong guo huo bi zheng ce de qu yu cha yi yan jiu@f丁文丽著@FDing Wen Li Zhu |
| 210 | @a北京@c中国社会科学出版社@d2005 | |
| 215 | @a243页@d21cm | |
| 330 | @a本书揭示了转轨时期中国货币政策有效性的区域差异以及这一区域差异的形成机理;概况了贷币政策效力非对称性的最新研究成果;分析了转轨时期中国经济与金融制度变迁轨迹与特征;提出了货币金融政策区域差别化调整的政策主张。 | |
| 606 | 0 | @a货币政策@x研究@y中国 |
| 690 | @aF822.0@v4 | |
| 701 | 0 | @a丁文丽@Ading wen li@c(女,@f1972.4~)@4著 |
| 801 | 0 | @aCN@b中图数据@c20061216 |
| 905 | @a10447@dF822.0@e40 | |
| 转轨时期中国货币政策的区域差异研究/丁文丽著.-北京:中国社会科学出版社,2005 |
| 243页;21cm |
| ISBN 7-5004-5167-9:CNY19.00 |
| 本书揭示了转轨时期中国货币政策有效性的区域差异以及这一区域差异的形成机理;概况了贷币政策效力非对称性的最新研究成果;分析了转轨时期中国经济与金融制度变迁轨迹与特征;提出了货币金融政策区域差别化调整的政策主张。 |
| ● |
| 相关链接 |
|
|
|
|
正题名:转轨时期中国货币政策的区域差异研究
索取号:F822.0/40
 
预约/预借
| 序号 | 登录号 | 条形码 | 馆藏地/架位号 | 状态 | 备注 |
| 1 | 0603309 | 206033095 | 第一样本阅览室/ [索取号:F822.0/40] | 在馆 | |
| 2 | 0603310 | 206033102 | 第一借阅区/ [索取号:F822.0/40] | 在馆 | |
| 3 | 0603311 | 206033111 | 第一借阅区/ [索取号:F822.0/40] | 在馆 | |
| 4 | 0603312 | 206033120 | 第一借阅区/ [索取号:F822.0/40] | 在馆 | |
| 5 | 0603313 | 206033139 | 第一借阅区/ [索取号:F822.0/40] | 在馆 |